000 00603nam a2200193 a 4500
001 000042244
005 20201002040027.0
008 131120s1988 sp a r 000 0 spa d
020 _a8450556414
040 _aDO-SdBNP
_bspa
_cBNPHU
082 _axxxx
_bxxxx
100 1 _aPortillo, Rafael
_969264
245 1 0 _aAbecedario del teatro /
_cRafael Portillo, Jesús Casado, Gonzalo Recacha.
260 _aMadrid :
_bCentro de Documentación Teatral,
_c1988.
300 _a164 p. :
_bil. ;
_c22 cm.
590 _aInventariado, 2019/BT
700 1 2 _aCasado, Jesús
_969265
700 1 2 _aRecacha, Gonzalo
_969266
999 _c41733
_d41733